| 000 | 00000nam##2200000za#4500 |
| 001 | 9.567627 |
| 003 | CaOODSP |
| 005 | 20210624180851 |
| 007 | cr ||||||||||| |
| 008 | 150406|1998||||xxc|||||o f|0| 0 eng|d |
| 040 | |aCaOODSP|beng |
| 043 | |an-cn--- |
| 086 | 1 |aBT31-2/1999-III-17E-PDF |
| 110 | 1 |aCanada. |bTreasury Board. |
| 245 | 10|aOffice of the Superintendent of Financial Institutions Canada, report on plans and priorities for the years 1998/1999 to 2000/2001 |h[electronic resource] |
| 260 | |bTreasury Board of Canada Secretariat |c[1998]. |
| 300 | |a26p.|borganization chart, tables |
| 490 | 1 |a1998-99 estimates. Part III, Report on plans and priorities |v1998/1999 to 2000/2001 |
| 590 | |a10-09-Supp|b2010-11-02 |
| 775 | 08|tBureau du surintendant des institutions financières Canada, rapport sur les plans et les priorités pour les exercices 1998-1999 à 2000-2001 |w(CaOODSP)9.598954 |
| 776 | 0#|tOffice of the Superintendent of Financial Institutions Canada |w(CaOODSP)9.530296 |
| 776 | 0#|tBureau du surintendant des institutions financières du Canada |w(CaOODSP)9.530297 |
| 830 | #0|a1998-99 estimates. Part III, Report on plans and priorities ;|v1998/1999 to 2000/2001|w(CaOODSP)9.505714 |
| 856 | 40|ahttp://publications.gc.ca|qPDF|s55 KB|uhttps://publications.gc.ca/collections/Collection/BT31-2-1999-III-17E.pdf|y1998/1999 to 2000/2001 |